000 00562cam a2200193 a 4500
001 000040191
005 20201002033955.0
008 810320s1966 ag 000 0 spa d
040 _aDO-SdBNP
_bspa
_cBNPHU
082 _axxxx
_bxxx
100 1 _aCortázar, Julio,
_d1914-1984
_910688
245 1 0 _aFinal del juego /
_cJulio Cortázar.
250 _a5a. ed.
260 _aBuenos Aires, Argentina :
_bSudamericana,
_c1966.
300 _a195 [2] p. ;
_c19 cm.
650 4 _aCuentos argentinos
_93752
650 4 _aLiteratura argentina
_93860
049 _aEn proceso
999 _c39681
_d39681